000 00271nam a2200121Ia 4500
082 _a615.191
_bP13J
100 _aJAIN, U. K.
245 _aPHARMACEUTICAL PACKAGING TECHNOLOGY
260 _bPHARMA MED PRESS
300 _a290
650 _aPHARMACEUTICS
942 _2ddc
_cBK
999 _c7243
_d7243